| 000 | 00328nam a2200109Ia 4500 | ||
|---|---|---|---|
| 008 | 201231s9999 xx 000 0 und d | ||
| 100 | _aAlexander Hamilton Institute | ||
| 245 | 0 | _aManpower Planning : Key To Effective Human Resources Development | |
| 260 |
_aNew York _bAlexander Hamilton Institute |
||
| 300 | _a111 | ||
| 942 | _cBK | ||
| 999 |
_c10191 _d10191 |
||